Карьер: повесть; пер. с белорус.

Chi tiết về thư mục
Tác giả chính: Быков В. В. Василь Владимирович
Tác giả khác: Фадеева Н. (иллюстратор)
Ngôn ngữ:Tiếng Nga
Được phát hành: Москва, Советский писатель, 1988
Những chủ đề:
Định dạng: Sách
KOHA link:https://koha.lib.tpu.ru/cgi-bin/koha/opac-detail.pl?biblionumber=117553

MARC

LEADER 00000nam0a2200000 4500
001 117553
005 20231031123821.0
010 |a 5265003215 
035 |a (RuTPU)RU\TPU\book\127244 
090 |a 117553 
100 |a 20070604d1988 m y0rusy50 ca 
101 1 |a rus  |c bel 
102 |a RU 
105 |a a z 000ay 
200 1 |a Карьер  |e повесть  |e пер. с белорус.  |f В. В. Быков  |g худож. Н. Фадеева 
210 |a Москва  |c Советский писатель  |d 1988 
215 |a 302 с.  |c ил. 
610 1 |a повести 
610 1 |a Великая Отечественная война 1941-1945 
675 |a 882.6  |v 3 
700 1 |a Быков  |b В. В.  |c белорусский писатель  |f 1924 -  |g Василь Владимирович  |2 stltpush  |3 (RuTPU)RU\TPU\pers\11899 
702 1 |a Фадеева  |b Н.  |4 440 
801 1 |a RU  |b 63413507  |c 20070604  |g PSBO 
801 2 |a RU  |b 63413507  |c 20140530  |g RCR 
942 |c BK